000 00617cam a22002293a 4500
001 19520
003 PGUSA
005 20140828083420.0
008 061010s2006||||xxu|||||s|||||000 1 eng d
040 _aPGUSA
_beng
042 _adc
050 4 _aPH
100 1 _aHemmo, Kaarlo,
_d1858-1940
245 1 0 _aJärkimiehet miettimässä
_h[electronic resource] /
_cKaarlo Hemmo
260 _bProject Gutenberg,
_c2006
506 _aPublic domain in the USA.
516 _aElectronic text
653 _aFiction
830 0 _aProject Gutenberg
_v19520
856 4 0 _uhttp://www.gutenberg.org/ebooks/19520
942 _cEB
999 _c248775
_d248775